000 01427nkm a2200325 i 4500
001 3031
003 ES-MaACL
005 20250713062538.0
007 khrbo
008 041110s1981 sp --- g |001||spa d
100 0 _aAlfonso,
_d1902-1990
_919858
245 1 0 _aPresentación del libro "Octubre, octubre" de José Luis Sampedro [
_hFotografía] /
_cAlfonso (sello).
260 _a[S.l. :
_bs.n.],
_c1981.
300 _a6 fot. :
_bb. y n. ;
_c12 x 18 cm.
500 _aDatos basados en invitación.
511 0 _aIntervienen: Fernando Chueca Goitia, Jesús de Polanco, Enrique Tierno Galván, José Luis Sampedro, Faustino Cordón, Rafael Conte, Manuel Vicent.
518 _aActo organizado por el Ateneo de Madrid, celebrado en el salón de actos el miércoles 28 de octubre de 1981, a las 20:00 h.
600 1 4 _aChueca Goitia, Fernando,
_d1911-2004
_938688
600 1 4 _aPolanco, Jesús de.
_992800
600 1 4 _aTierno Galván, Enrique,
_d1918-1986
_9110235
600 1 4 _aSampedro, José Luis,
_d1917-2013
_9102185
600 1 4 _aCordón, Faustino.
_940557
600 1 4 _aConte, Rafael.
_940270
600 1 4 _aVicent, Manuel.
_9114323
610 2 4 _aAteneo de Madrid-
_xActos culturales-
_y1981-
_vFotografías.
_91892
710 2 _aAteneo de Madrid.
_91875
852 _aES-MaACL
_jFOT 64/1981
856 4 _uhttp://www.ateneodemadrid.net/biblioteca_digital/imagenes/1981/0064-1981.jpg
_zVer imagen
999 _c3031
_d3031